Statistics for Parks and Rec: Tom Haverford's Slang

Click here to take the quiz!

General Stats

  • This quiz has been taken 20 times
  • The average score is 4 of 18

Answer Stats

HintAnswer% Correct
DessertsZerts
65%
AppetizersApps
60%
Chicken parmesanChicky chicky parm parm
40%
SandwichesSammies
40%
SandwichesAdam Sandlers
20%
ForksFood rakes
20%
Fried chickenFry fry chicky chick
20%
NoodlesLong-ass rice
20%
EntreesTre Tres
20%
TortillasBean blankies
15%
CakesBig ol' cookies
15%
Chicken CacciatoreChicky catch
15%
EggsPre-birds
15%
Air conditionersCool blasterz
10%
EggsFuture birds
10%
CarGo-go mobile
10%
SandwichesSandoozles
10%
Root beerSuper water
10%

Score Distribution

Percentile by Number Answered

Percent of People with Each Score

Your Score History

You have not taken this quiz